000 00620nam a2200133Ia 4500
008 100328s9999 xx 000 0 und d
082 _b74958
100 _aबेडेकर सुवर्णा-अनु.(मूळ लेखक-प्रकाश बियाणी).
245 _aभारतीय उद्योजिका शून्य ते शिखर.
260 _bइंदिरा.
630 _aभारतीय उद्योजिका शून्य ते शिखर.
730 _aभारतीय उद्योजिका शून्य ते शिखर.
942 _cBOOK
999 _c560679
_d560676